000 00754nam a2200181 a 4500
008 120416s1987 ||||||||||||||||| || u
020 _a0333384083
050 _aHF 5415 Wat
100 _aWaterworth, Derek
245 1 0 _aMarketing for the small business
260 _aLondon
_bMacmillan
_c1987
300 _ax, 294p.
350 _a0.00
650 0 _aMARKETING--MANAGEMENT--CASE STUDIES
650 _aMARKETING -- SMALL BUSINESS
995 _aMAIN LIBRARY OPEN ACCESS
_D0.00
_e721153
_FCBU-MAIN LIBRARY (Kitwe)
_H2
_I12.95
_jHF 5415 Wat
_M2
_UAVAILABLE
_y004877
_ZMain Library Open Access Collection
995 _aMAIN LIBRARY OPEN ACCESS
_D0.00
_e721154
_FCBU-MAIN LIBRARY (Kitwe)
_H1
_I12.95
_jHF 5415 Wat
_M1
_UAVAILABLE
_y004876
_ZMain Library Open Access Collection
999 _c82642
_d82642